| 000 -LEADER |
| fixed length control field |
02197cam a2200373 a 4500 |
| 001 - CONTROL NUMBER |
| control field |
16512420 |
| 003 - CONTROL NUMBER IDENTIFIER |
| control field |
OSt |
| 005 - DATE AND TIME OF LATEST TRANSACTION |
| control field |
20180117085941.0 |
| 008 - FIXED-LENGTH DATA ELEMENTS--GENERAL INFORMATION |
| fixed length control field |
101021s2011 nyua b 001 0 eng |
| 010 ## - LIBRARY OF CONGRESS CONTROL NUMBER |
| LC control number |
2010043260 |
| 020 ## - INTERNATIONAL STANDARD BOOK NUMBER |
| International Standard Book Number |
9780415991278 (hardback) |
| 040 ## - CATALOGING SOURCE |
| Original cataloging agency |
DLC |
| Transcribing agency |
DLC |
| Modifying agency |
DLC |
| 042 ## - AUTHENTICATION CODE |
| Authentication code |
pcc |
| 050 00 - LIBRARY OF CONGRESS CALL NUMBER |
| Classification number |
RJ505.C63 |
| Item number |
C648 2011 |
| 082 00 - DEWEY DECIMAL CLASSIFICATION NUMBER |
| Classification number |
618.92/89142 |
| Edition number |
22 |
| 084 ## - OTHER CLASSIFICATION NUMBER |
| Classification number |
PSY006000 |
| -- |
PSY008000 |
| -- |
PSY036000 |
| Number source |
bisacsh |
| 245 00 - TITLE STATEMENT |
| Title |
Cognitive behavioral therapy for the busy child psychiatrist and other mental health professionals : |
| Remainder of title |
rubrics and rudiments / |
| Statement of responsibility, etc. |
authored by Robert D. Friedberg ... [et al.] ; illustrations by Jolene H. Garcia. |
| 260 ## - PUBLICATION, DISTRIBUTION, ETC. |
| Place of publication, distribution, etc. |
New York : |
| Name of publisher, distributor, etc. |
Brunner-Routledge, |
| Date of publication, distribution, etc. |
c2011. |
| 300 ## - PHYSICAL DESCRIPTION |
| Extent |
xvi, 380 p. : |
| Other physical details |
ill. ; |
| Dimensions |
24 cm. |
| 504 ## - BIBLIOGRAPHY, ETC. NOTE |
| Bibliography, etc. note |
Includes bibliographical references (p. 317-361) and index. |
| 520 ## - SUMMARY, ETC. |
| Summary, etc. |
"Teaching Child Psychiatrists Cognitive Behavioral Therapy is an essential resource for clinical child psychologists, psychiatrists and psychotherapists, and mental health professionals. Since 2001, psychiatry residency programs have required resident competency in five specific psychotherapies, including cognitive-behavioral therapy. This unique text is a guidebook for instructors and outlines fundamental principles, while offering creative applications of technique to ensure that residency training programs are better equipped to train their staff"-- |
| 650 #0 - SUBJECT ADDED ENTRY--TOPICAL TERM |
| Topical term or geographic name entry element |
Cognitive therapy for children. |
| 650 #0 - SUBJECT ADDED ENTRY--TOPICAL TERM |
| Topical term or geographic name entry element |
Cognitive therapy for teenagers. |
| 650 #0 - SUBJECT ADDED ENTRY--TOPICAL TERM |
| Topical term or geographic name entry element |
Child psychotherapy. |
| 650 #0 - SUBJECT ADDED ENTRY--TOPICAL TERM |
| Topical term or geographic name entry element |
Adolescent psychotherapy. |
| 650 #7 - SUBJECT ADDED ENTRY--TOPICAL TERM |
| Topical term or geographic name entry element |
PSYCHOLOGY / Psychotherapy / Child & Adolescent |
| Source of heading or term |
bisacsh. |
| 650 #7 - SUBJECT ADDED ENTRY--TOPICAL TERM |
| Topical term or geographic name entry element |
PSYCHOLOGY / Cognitive Psychology |
| Source of heading or term |
bisacsh. |
| 650 #7 - SUBJECT ADDED ENTRY--TOPICAL TERM |
| Topical term or geographic name entry element |
PSYCHOLOGY / Mental Health |
| Source of heading or term |
bisacsh. |
| 700 1# - ADDED ENTRY--PERSONAL NAME |
| Personal name |
Friedberg, Robert D., |
| Dates associated with a name |
1955- |
| 906 ## - LOCAL DATA ELEMENT F, LDF (RLIN) |
| a |
7 |
| b |
cbc |
| c |
orignew |
| d |
1 |
| e |
ecip |
| f |
20 |
| g |
y-gencatlg |
| 942 ## - ADDED ENTRY ELEMENTS (KOHA) |
| Source of classification or shelving scheme |
|
| Koha item type |
Book |